UBT Library

A Practical guide to pediatric intensive care / (Record no. 46997)

000 -LEADER
fixed length control field 00709cam a2200229 i 4500
001 - CONTROL NUMBER
control field 4171881
005 - DATE AND TIME OF LATEST TRANSACTION
control field 20180810052128.0
008 - FIXED-LENGTH DATA ELEMENTS--GENERAL INFORMATION
fixed length control field 790426s1979 moua b 001 0 eng
010 ## - LIBRARY OF CONGRESS CONTROL NUMBER
LC control number 79013793
020 ## - INTERNATIONAL STANDARD BOOK NUMBER
International Standard Book Number 0801630118
040 ## - CATALOGING SOURCE
Original cataloging agency DLC
Transcribing agency DLC
Modifying agency DLC
041 ## - LANGUAGE CODE
Language code of text/sound track or separate title eng
060 ## - NATIONAL LIBRARY OF MEDICINE CALL NUMBER
Classification number WS366 P895
080 ## - UNIVERSAL DECIMAL CLASSIFICATION NUMBER
Universal Decimal Classification number 618.92
082 00 - DEWEY DECIMAL CLASSIFICATION NUMBER
Classification number 618.92
100 ## - Rafti
Rafti 8
101 ## - Shkurtesa
Shkurtesa PED
245 02 - TITLE STATEMENT
Title A Practical guide to pediatric intensive care /
Statement of responsibility, etc editor, Daniel L. Levin, associate editor, Frances C. Morriss, assistant editor, Gerald C. Moore ; medical ill., Scott Thorn Barrows.
504 ## - BIBLIOGRAPHY, ETC. NOTE
Bibliography, etc Includes bibliographies and index.
906 ## - LOCAL DATA ELEMENT F, LDF (RLIN)
a 7
b cbc
c orignew
d 1
e ocip
f 19
g y-gencatlg
942 ## - ADDED ENTRY ELEMENTS (KOHA)
Source of classification or shelving scheme
Item type Books
Holdings
Withdrawn status Lost status Source of classification or shelving scheme Damaged status Not for loan Collection code Permanent location Current location Shelving location Date acquired Total Checkouts Full call number Barcode Date last seen Price effective from Koha item type
          Koleksioni i përgjithshem UBT - Lipjan UBT - Lipjan Koleksioni i përgjithshem 08/10/2018   618.92 LEV 002-3010762 08/10/2018 08/10/2018 Books
UBT Library © 2015-2024. All rights reserved University Education for Business and Technology